000 00658nam a2200241Ia 4500
003 OSt
005 20220916110943.0
006 a|||||r|||| 00| 0
007 ta
008 220915b |||||||| |||| 00| 0 eng d
024 _a29628
037 _cTextbook
040 _beng
_aARTS
_cARTS
041 _aeng
082 _aO111,1M79:g, L0 (TTO)
100 _aBrown Maerle E
245 0 _aWallace Stevens : the poem as act
260 _aDetroit
_bWayne State University Press
300 _a219p.
_ccm.
650 _aENGLISH LITERATURE
942 _hO111,1M79:g, L0 (TTO)
_cTB
_2CC
999 _c102181
_d102181